000 00691nam a2200241 i 4500
001 C2-0086451
003 PPAK
005 20180727091020.0
008 970504s1993 enk |||| ||||| | eng d
020 _a0330328425
040 _aPPAK
_beng
_cPPAK
_erda
082 0 4 _a956.704
_223
090 0 0 _a956.704
_bORO
_dG
100 1 _aO'Rourke, P.J.,
_eauthor
245 1 0 _aGive war a chance
264 1 _aLondon :
_bPicador ,
_c1993
300 _axi, 238 pages ;
_c18 cm
336 _2rdacontent
_atext
337 _2rdamedia
_aunmediated
338 _2rdacarrier
_avolume
650 1 0 _aWorld politics - 1985 - 1995 - Humor ; United States - Social conditions -1980- - Humor
942 _ddc
_cB
999 _c17711
_d17711